<?xml version="1.0" encoding="UTF-8"?>
<record
    xmlns:xsi="http://www.w3.org/2001/XMLSchema-instance"
    xsi:schemaLocation="http://www.loc.gov/MARC21/slim http://www.loc.gov/standards/marcxml/schema/MARC21slim.xsd"
    xmlns="http://www.loc.gov/MARC21/slim">

  <leader>01262nam a22002417a 4500</leader>
  <controlfield tag="003">OSt</controlfield>
  <controlfield tag="005">20151026133603.0</controlfield>
  <controlfield tag="008">130716s2012    sp ||||| |||| 00| 0 spa d</controlfield>
  <datafield tag="040" ind1=" " ind2=" ">
    <subfield code="c">CDMR</subfield>
  </datafield>
  <datafield tag="100" ind1="1" ind2=" ">
    <subfield code="9">3953</subfield>
    <subfield code="a">Mart&#xED;nez Rubio, Mar&#xED;a Rosa</subfield>
  </datafield>
  <datafield tag="245" ind1="1" ind2="0">
    <subfield code="a">Uso de las fuentes de informaci&#xF3;n en las noticias locales de la prensa espa&#xF1;ola</subfield>
    <subfield code="b">: Comunidad Valenciana, 2006-2010</subfield>
    <subfield code="c">Mar&#xED;a Rosa Mart&#xED;nez Rubio ; Jos&#xE9; Antonio Ontalba Ruip&#xE9;rez y Enrique Ordu&#xF1;a Malea (directores)</subfield>
    <subfield code="h">[recurs electr&#xF2;nic]</subfield>
  </datafield>
  <datafield tag="260" ind1=" " ind2=" ">
    <subfield code="b">Universitat Polit&#xE8;cnica de Val&#xE8;ncia</subfield>
    <subfield code="c">2012</subfield>
  </datafield>
  <datafield tag="502" ind1=" " ind2=" ">
    <subfield code="a">TEsi defensada el 16 de novembre de 2012,</subfield>
    <subfield code="c">Universitat Polit&#xE8;cnica de Val&#xE8;ncia. Departamento de Comunicaci&#xF3;n Audiovisual, Documentaci&#xF3;n e Historia del Arte - Departament de Comunicaci&#xF3; Audiovisual, Documentaci&#xF3; i Hist&#xF2;ria de l'Art </subfield>
  </datafield>
  <datafield tag="650" ind1="0" ind2="4">
    <subfield code="9">3564</subfield>
    <subfield code="a">Periodisme</subfield>
    <subfield code="x">Fonts d'informaci&#xF3;</subfield>
  </datafield>
  <datafield tag="650" ind1="0" ind2="4">
    <subfield code="9">2605</subfield>
    <subfield code="a">Documentaci&#xF3;</subfield>
  </datafield>
  <datafield tag="650" ind1="0" ind2="4">
    <subfield code="9">3311</subfield>
    <subfield code="a">Premsa</subfield>
    <subfield code="z">Comunitat Valenciana</subfield>
  </datafield>
  <datafield tag="650" ind1="0" ind2="4">
    <subfield code="9">2994</subfield>
    <subfield code="a">Tesis i dissertacions acad&#xE8;miques</subfield>
  </datafield>
  <datafield tag="700" ind1="1" ind2=" ">
    <subfield code="9">3954</subfield>
    <subfield code="a">Ontalba Ruip&#xE9;rez, Jos&#xE9; Antonio</subfield>
  </datafield>
  <datafield tag="700" ind1="1" ind2=" ">
    <subfield code="9">3955</subfield>
    <subfield code="a">Ordu&#xF1;a Malea, Enrique</subfield>
  </datafield>
  <datafield tag="710" ind1="2" ind2=" ">
    <subfield code="9">3956</subfield>
    <subfield code="a">Universitat Polit&#xE8;cnica de Val&#xE8;ncia</subfield>
  </datafield>
  <datafield tag="856" ind1=" " ind2=" ">
    <subfield code="u">http://riunet.upv.es/handle/10251/18236</subfield>
    <subfield code="y">Disponible en l&#xED;nia (UPV)</subfield>
  </datafield>
  <datafield tag="942" ind1=" " ind2=" ">
    <subfield code="2">udc</subfield>
    <subfield code="c">TSN-E</subfield>
  </datafield>
  <datafield tag="999" ind1=" " ind2=" ">
    <subfield code="c">6597</subfield>
    <subfield code="d">6597</subfield>
  </datafield>
  <datafield tag="952" ind1=" " ind2=" ">
    <subfield code="0">0</subfield>
    <subfield code="1">0</subfield>
    <subfield code="4">0</subfield>
    <subfield code="7">0</subfield>
    <subfield code="a">CDMR</subfield>
    <subfield code="b">CDMR</subfield>
    <subfield code="d">2013-07-16</subfield>
    <subfield code="l">0</subfield>
    <subfield code="p">CDMR13096914</subfield>
    <subfield code="r">2013-07-16</subfield>
    <subfield code="w">2013-07-16</subfield>
    <subfield code="y">TSN-E</subfield>
    <subfield code="z">Tesi dipositada al Repositori institucional de la Universitat Polit&#xE8;cnica de Val&#xE8;ncia</subfield>
  </datafield>
</record>
